Professional Organisations in the Commonwealth (Record no. 12865)
[ view plain ]
| 000 -LEADER | |
|---|---|
| fixed length control field | 00333nam a22001337a 4500 |
| 020 ## - INTERNATIONAL STANDARD BOOK NUMBER | |
| International Standard Book Number | 0 09 101940 0 |
| 082 ## - DEWEY DECIMAL CLASSIFICATION NUMBER | |
| Classification number | REF 060 CUR |
| 100 ## - MAIN ENTRY--PERSONAL NAME | |
| Personal name | Currie, James (ed) |
| 245 ## - TITLE STATEMENT | |
| Title | Professional Organisations in the Commonwealth |
| 260 ## - PUBLICATION, DISTRIBUTION, ETC. | |
| Place of publication, distribution, etc. | London |
| Name of publisher, distributor, etc. | Hutchinson |
| Date of publication, distribution, etc. | 1970 |
| 300 ## - PHYSICAL DESCRIPTION | |
| Extent | xvi,511p |
| Other physical details | 23cm |
| 500 ## - GENERAL NOTE | |
| General note | Includes index |
| 942 ## - ADDED ENTRY ELEMENTS (KOHA) | |
| Koha item type | Books |
| Withdrawn status | Lost status | Damaged status | Not for loan | Collection code | Home library | Current library | Shelving location | Date acquired | Total Checkouts | Full call number | Barcode | Date last seen | Price effective from | Koha item type |
|---|---|---|---|---|---|---|---|---|---|---|---|---|---|---|
| Reference | IFM Main Campus Library | IFM Main Campus Library | Archival Collection | 10/22/2015 | REF 060 CUR | 0000007746 | 10/22/2015 | 02/19/2022 | Reference |
